MARC

LEADER 00000nam0a2200000 4500
001 309470
005 20231102002207.0
020 |a RU  |b 81-94763 
035 |a (RuTPU)RU\TPU\book\334792 
090 |a 309470 
100 |a 20151113d1981 k y0rusy5003 ca 
101 0 |a rus 
102 |a LT 
105 |a a z 101zy 
200 1 |a Исследования в области осаждения металлов  |e материалы XVIII республиканской конфенции электрохимиков ЛитССР, 17 ноября 1981 г., Вильнюс  |f Академия наук Литовский ССР (АН ЛитССР), Институт химии и химической технологии 
210 |a Вильнюс  |c [Б. и.]  |d 1981 
215 |a 300 с.  |c ил.  |d 20 см. 
320 |a Библиография в конце статей 
606 1 |a Металлы  |x Осаждение электролитическое  |2 stltpush  |3 (RuTPU)RU\TPU\subj\43157  |9 62713 
610 1 |a электрохимическое осаждение 
610 1 |a химическое осаждение 
610 1 |a кинетика 
610 1 |a анодные защитные покрытия 
610 1 |a конверсионные защитные покрытия 
610 1 |a формирование 
610 1 |a гальванические покрытия 
610 1 |a структура 
610 1 |a морфология 
610 1 |a конференции 
675 |a 621.359(063)  |z rus  |v 4 
712 0 2 |a Академия наук Литовский ССР (АН ЛитССР)  |b Институт химии и химической технологии  |2 stltpush  |3 (RuTPU)RU\TPU\col\12762 
712 1 2 |a Исследования в области осаждения металлов  |c конференция  |d 18  |e Вильнюс  |f 1981 
801 0 |a RU  |b RuMRKP  |c 19950704  |g psbo 
801 1 |a RU  |b 63413507  |c 20151113 
801 2 |a RU  |b 63413507  |c 20180911  |g RCR 
942 |c BK